Books by Author Click Quiz #5 - Statistics

General Stats
  • This quiz has been taken 231 times
  • The average score is 15 of 32
Answer Stats
Hint Answer % Correct
Henry V William Shakespeare
89%
Richard III William Shakespeare
88%
A Murder Is Announced Agatha Christie
79%
Murder in Mesopotamia Agatha Christie
78%
Pet Sematary Stephen King
77%
Titus Andronicus William Shakespeare
71%
The Green Mile Stephen King
67%
The Mousetrap Agatha Christie
64%
Coriolanus William Shakespeare
60%
The Robots of Dawn Isaac Asimov
57%
'Salem's Lot Stephen King
57%
Steppenwolf Hermann Hesse
55%
The Stand Stephen King
51%
Siddhartha Hermann Hesse
50%
The Magic Mountain Thomas Mann
50%
Foundation Isaac Asimov
47%
Buddenbrooks Thomas Mann
38%
Cards on the Table Agatha Christie
36%
Predator's Gold Philip Reeve
34%
White Nights Fyodor Dostoyevsky
33%
Humiliated and Insulted Fyodor Dostoyevsky
33%
Doctor Faustus Thomas Mann
33%
Demian Hermann Hesse
32%
Mortal Engines Philip Reeve
31%
The Adolescent Fyodor Dostoyevsky
29%
Death in Venice Thomas Mann
29%
The Naked Sun Isaac Asimov
28%
The Double Fyodor Dostoyevsky
26%
The Glass Bead Game Hermann Hesse
26%
A Darkling Plain Philip Reeve
25%
The Caves of Steel Isaac Asimov
22%
Infernal Devices Philip Reeve
22%
No matching quizzes found
Score Distribution
Percent of People with Each Score
Percentile by Number Answered
Your Score History
You have not taken this quiz